000 01019nam a22002537a 4500
005 20170124103152.0
010 _aB-157901
020 _c200.00
_a8178570807
035 _aB-157901
037 _bCen Lib/Ret
040 _aDPL
_bHN
082 _a080
_bनरेश
100 _aनरेश भारतीय
_988384
245 _aटेम्ज़ के तट से /
_cनरेश भारतीय
246 _aThames ke tat se /
_bby Naresh Bharteeya
260 _aदिल्ली
_bसाहित्य प्रकाशन
_c2005
270 _a101, प्रताप नगर मयूर विहार-1,
_bदिल्ली
_e110091
300 _a192पृ.
_c21सेमी (सजिल्द)
650 _aअधिकार और कर्तव्य
_95570
650 _aभारतीयता की अलख
_988385
650 _aRights and duties
_988386
650 _aThe imagination of Indian
_988387
942 _2ddc
_cHN
_h080
_mनरेश
999 _c120072
_d120072